Finanční analýza zemědělského podniku.

Finančná analýza poľnohospodárskeho podniku. Objem a štruktúra majetku a kapitálu. Štruktúra aktív a pasív podniku a jeho zadlženosť. Analýza tvorby a použitia vlastných finančných zdrojov. Disponibilita vlastných finančných zdrojov, analýza ich použitia. Analýza platobnej schopnosti a likvidity pod...

ver descrição completa

Na minha lista:
Detalhes bibliográficos
Autor principal: Střeleček, František
Formato: Capítulo de Livro
Idioma:tcheco
Assuntos:
Tags: Adicionar Tag
Sem tags, seja o primeiro a adicionar uma tag!

MARC

LEADER 00000naa a2200000 4500
001 r008676
005 20220831091101.4
041 0 |a cze 
044 |a [CS] 
245 1 0 |a Finanční analýza zemědělského podniku.  |c F. Střeleček 
520 |a Finančná analýza poľnohospodárskeho podniku. Objem a štruktúra majetku a kapitálu. Štruktúra aktív a pasív podniku a jeho zadlženosť. Analýza tvorby a použitia vlastných finančných zdrojov. Disponibilita vlastných finančných zdrojov, analýza ich použitia. Analýza platobnej schopnosti a likvidity podniku. Likvidita a rentabilita podniku. Kategórie likvidity (okamžité, krátkodobé a dlhodobé likvidačné prostriedky). 
610 2 0 |a rozbory činnosti hospodárskej 
610 2 0 |a podnik poľnohospodársky 
610 2 0 |a účty aktív 
610 2 0 |a účty pasív 
610 2 0 |a dlhy 
610 2 0 |a zdroje finančné vlastné 
610 2 0 |a solventnosť 
610 2 0 |a likvidita 
610 2 0 |a rentabilita podniku 
100 1 |a Střeleček, František